Pozycja Geographic Name
Liczba rekordów, w których użyto hasła: 1
001 - Numer kontrolny
- control field: 40904
003 - Identyfikator numeru kontrolnego
- control field: NUKAT
005 - Data i czas ostatniej modyfikacji
- control field: 20260429141527.0
008 - Dane kontrolne kodowane (40 znaków)
- fixed length control field: 050120n||azznnbabn |a ana |
010 ## - Numer kontrolny Biblioteki Kongresu
- numer kontrolny LC: p 2004306716
034 ## - CODED CARTOGRAPHIC MATHEMATICAL DATA
- Coordinates - westernmost longitude: E0212305
- Coordinates - easternmost longitude: E0212305
- Coordinates - northernmost latitude: N0551743
- Coordinates - southernmost latitude: N0551743
- Source: geonames
035 ## - Numer systemowy
- numer systemowy: a10068624
035 ## - Numer systemowy
- numer systemowy: (PL)a0000001006862
040 ## - Instytucja sporządzająca rekord
- inst. przygot. dane do rek. khw: WA N
- język haseł przedmiotowych/tezaurus: DBN
- inst. wprow. rek. khw: WA N
043 ## - Kod obszaru geograficznego
- ISO code: BY
- ISO code: LT
- ISO code: RU
151 ## - Hasło - nazwa geograficzna
- nazwa geograficzna: Niemen (rzeka)
368 ## - Other Attributes
- Juris type: Rzeki
451 ## - Trop zob. - nazwa geograficzna
- nazwa geograficzna: Chronus
451 ## - Trop zob. - nazwa geograficzna
- nazwa geograficzna: Memel
451 ## - Trop zob. - nazwa geograficzna
- nazwa geograficzna: Memela
451 ## - Trop zob. - nazwa geograficzna
- nazwa geograficzna: Memula
451 ## - Trop zob. - nazwa geograficzna
- nazwa geograficzna: Neman
451 ## - Trop zob. - nazwa geograficzna
- nazwa geograficzna: Nemunas
451 ## - Trop zob. - nazwa geograficzna
- nazwa geograficzna: Rusnė
550 ## - Trop zob. też - nazwa pospolita
- nazwa posp. lub nazwa geogr. na pocz.: Bitwa nad Niemnem (19-24 lipca 1920)
550 ## - Trop zob. też - nazwa pospolita
- nazwa posp. lub nazwa geogr. na pocz.: Bitwa nad Niemnem (20-29 września 1920)
551 ## - Trop zob. też - nazwa geograficzna
- nazwa geograficzna: Kanał Ogińskiego (Białoruś)
551 ## - Trop zob. też - nazwa geograficzna
- nazwa geograficzna: Nemonin (Rosja ; rzeka)
551 ## - Trop zob. też - nazwa geograficzna
- nazwa geograficzna: Park Regionalny Delty Niemna (Litwa ; obszar)
551 ## - Trop zob. też - nazwa geograficzna
- podpole kontrolne: h
- nazwa geograficzna: Czarna Hańcza (rzeka)
551 ## - Trop zob. też - nazwa geograficzna
- podpole kontrolne: h
- nazwa geograficzna: Dubissa (Litwa ; rzeka)
551 ## - Trop zob. też - nazwa geograficzna
- podpole kontrolne: h
- nazwa geograficzna: Kotra (rzeka)
551 ## - Trop zob. też - nazwa geograficzna
- podpole kontrolne: h
- nazwa geograficzna: Łosośna (rzeka)
551 ## - Trop zob. też - nazwa geograficzna
- podpole kontrolne: h
- nazwa geograficzna: Mereczanka (rzeka)
551 ## - Trop zob. też - nazwa geograficzna
- podpole kontrolne: h
- nazwa geograficzna: Niewiaża (Litwa ; rzeka)
551 ## - Trop zob. też - nazwa geograficzna
- podpole kontrolne: h
- nazwa geograficzna: Roś (Białoruś ; rzeka)
551 ## - Trop zob. też - nazwa geograficzna
- podpole kontrolne: h
- nazwa geograficzna: Szczara (Białoruś ; rzeka)
551 ## - Trop zob. też - nazwa geograficzna
- podpole kontrolne: h
- nazwa geograficzna: Szeszupa (rzeka)
551 ## - Trop zob. też - nazwa geograficzna
- podpole kontrolne: h
- nazwa geograficzna: Wilia (dopływ Niemna ; rzeka)
670 ## - Źródło informacji
- źródło informacji: KSNG
670 ## - Źródło informacji
- źródło informacji: Wikipedia
682 ## - Informacja o usuniętym haśle
- tekst wyjaśniający: zmienione z:
- zastąpione hasło: Niemen